|
|
|
|
| LEADER |
00966nam a2200241 a 4500 |
| 001 |
3489470 |
| 008 |
110811s1995 nyua b 001 0 eng d |
| 010 |
|
|
|a 94047246
|
| 020 |
|
|
|a 0133379167
|
| 040 |
|
|
|a DLC
|c DLC
|d DLC
|d BD-DhAAL
|
| 082 |
0 |
0 |
|a 629.8/9
|2 20
|
| 100 |
1 |
|
|a Nie, Junhong.
|
| 245 |
1 |
0 |
|a Fuzzy-neural control :
|b principles, algorithms, and applications /
|c Junhong Nie and Derek A. Linkens.
|
| 260 |
|
|
|a New York :
|b Prentice Hall,
|c 1995.
|
| 300 |
|
|
|a xii, 243 p. :
|b ill. ;
|c 24 cm.
|
| 504 |
|
|
|a Includes bibliographical references (p. 231-239) and index.
|
| 541 |
|
|
|e 00012350
|
| 650 |
|
0 |
|a Neural networks (Computer science)
|
| 650 |
|
0 |
|a Fuzzy systems.
|
| 700 |
1 |
|
|a Linkens, D. A.
|
| 852 |
1 |
|
|a Ayesha Abed Library
|c General shelf.
|
| 999 |
|
|
|c 11197
|d 11197
|
| 952 |
|
|
|0 0
|1 0
|2 ddc
|4 0
|6 629_890000000000000_NIE
|7 0
|9 17819
|a BRACUL
|b BRACUL
|c GEN
|d 2011-08-11
|l 3
|m 11
|o 629.89 NIE
|p 3010012350
|r 2025-03-02
|s 2025-02-24
|t 1
|w 2011-08-11
|y BK
|x Price not available in Register
|